| 000 | 00401nam a2200169Ia 4500 | ||
|---|---|---|---|
| 005 | 20250423094533.0 | ||
| 008 | 250422s9999 xx 000 0 und d | ||
| 020 | _a978764133749 | ||
| 050 | _aPE 1128 .S5/ | ||
| 245 | 0 | _aBarron’s TOEFL iBT internet-based test 2006-2007 | |
| 250 | _a12th ed. | ||
| 260 | _aNew York | ||
| 260 | _bBarron’s | ||
| 260 | _c2006 | ||
| 300 | _a812 p | ||
| 942 | _cBK | ||
| 999 |
_c27531 _d27531 |
||